Počítače musí sloužit lidem, nikoliv lidé počítačům!

Najčastejšie chyby, ktoré sa vyskytujú pri práci s počítačom a znižujú efektívnosť jeho využitia. Zásada "poruchovosti" počítača. Zvolenie vhodného programového vybavenia. Problémy s komunikáciou v sieťach počítačov. Ergonomické kritériá umiestenia a prevádzky počítača.

Enregistré dans:
Détails bibliographiques
Auteur principal: Nejedlý, M.
Format: Chapitre de livre
Langue:tchèque
Sujets:
Tags: Ajouter un tag
Pas de tags, Soyez le premier à ajouter un tag!

MARC

LEADER 00000naa a2200000 4500
001 r010149
005 20220831084417.5
041 0 |a cze 
044 |a [CS] 
245 1 0 |a Počítače musí sloužit lidem, nikoliv lidé počítačům!  |c M. Nejedlý 
520 |a Najčastejšie chyby, ktoré sa vyskytujú pri práci s počítačom a znižujú efektívnosť jeho využitia. Zásada "poruchovosti" počítača. Zvolenie vhodného programového vybavenia. Problémy s komunikáciou v sieťach počítačov. Ergonomické kritériá umiestenia a prevádzky počítača. 
610 2 0 |a počítače 
610 2 0 |a využitie počítačov 
610 2 0 |a programy počítačové 
610 2 0 |a siete počítačové 
610 2 0 |a ergonómia 
610 2 0 |a komunikácia 
610 2 0 |a človek-počítač 
100 1 |a Nejedlý, M.